000 00812cam a2200217 4500
001 ABS67253
008 031128n2003 000 0 eng u
035 _a(Sirsi) u124519
100 _aBooth, S.
245 _aGPS+GLONASS: is it worthwhile?
260 _c2003
490 _aEngineering Surveying Showcase
_v2 October 2003, 13-14(2)
520 _aExamines the role of GPS and GLONASS in surveying. In particular how a combination of the two systems can decrease working time and improve reception of results, particularly those working in urban environments. Discusses the origins of the two systems and also the future, including Galileo.
590 _aABS
650 _aGLONASS
650 _aGPS
650 _aSATELLITE NAVIGATION
650 _aSURVEYING
690 _aGEOMATICS-GPS
942 _n0
999 _c73896
_d73896